000 00879nam a2200217 a 4500
001 000043101
005 20201002040635.0
008 140219s2011 sp ac 000 0 spa d
020 _a9788497816526
040 _aDO-SdBNP
_bspa
_cBNPHU
100 1 _aGorrochategui Santos, Luis
_d1960-
_970625
245 1 0 _aContra Armada :
_bla mayor catátrofe naval de la historia de Inglaterra /
_cLuis Gorrochategui Santos ; prólogo José Cervera Pery.
260 _a[s.l.] :
_bMinisterio de Defensa,
_c2011.
300 _a433 p. :
_bil., retrs. ;
_c24 cm.
500 _aIncluye índice
504 _aBibliografía : p. 429-433
500 _aIncluye datos biográficos del autor en la solapa de la cubierta
504 _aIncluye referencias bibliográficas y notas al pie de las páginas
700 1 _aCervera Pery, José
_epról.
_970626
710 2 _aEspaña
_bMinisterio de Defensa
_970627
999 _c42590
_d42590